000 00492nam a22001817a 4500
003 LK-CoDNM
005 20240305150133.0
008 240305b |||||||| |||| 00| 0 eng d
020 _a9789556940640
040 _aLK-CoDNM
_dLK-CoDNM
_eLK-CoDNM
041 _asin
080 _aX8C31
_bකොඩි
100 _aකොඩිකාර,චන්දි
245 _aආදරණීය විරුවාණනි
260 _aGampaha
_bRathsara Poth
300 _a416p,19cm
942 _cBK
999 _c145271
_d145271